Tilastot visalle Liput muuttuvat lipuiksi

Klikkaa tästä pelataksesi tätä visaa!

Yleistilastot

  • Tätä visaa on pelattu 81 kertaa
  • Keskiarvotulos 7 / 10

Vastaukset kartalla

Vastauksille on annettu kartalla punavihreä väri sen mukaan, kuinka moni on saanut sen oikein.
 

Vastaustilastot

Valtio% Oikein
Liettua
94%
Bulgaria
92%
Panama
83%
Thaimaa
77%
Kongon demokraattinen tasavalta
69%
Malawi
63%
Mali
62%
Namibia
59%
Benin
51%
Saint Kitts ja Nevis
41%

Tulosjakauma

Persentiili vastausten määrän mukaan

Jokaisen tuloksen saaneiden osuus

Tuloshistoriasi

Et ole pelannut tätä visaa